[Event "ChessHouse GM December 2020"]
[Site "Aarhus"]
[Date "2020.12.02"]
[Round "5.1"]
[White "Haubro, Martin"]
[Black "Thybo, Jesper Sondergaard"]
[Result "1/2-1/2"]
[WhiteElo "2434"]
[BlackElo "2565"]
[Annotator "TA"]
[PlyCount "127"]
[EventDate "2020.11.29"]
[EventType "tourn"]
[EventCountry "DEN"]
[SourceTitle "playchess.com"]
[Source "ChessBase"]
[SourceQuality "1"]

{[%evp 11,127,13,23,26,36,-27,-23,-26,8,-45,-18,-31,-20,-22,0,-14,14,14,14,9,16,23,50,51,34,25,38,22,109,36,29,30,24,19,33,3,62,62,77,62,62,62,129,130,176,100,100,100,100,100,100,100,100,100,100,100,100,100,100,100,107,86,112,86,86,35,38,22,25,0,29,30,30,30,48,0,0,0,19,7,0,13,194,193,184,148,181,164,170,156,143,0,0,0,0,0,8,0,8,0,0,0,0,0,0,0,0,0,0,0,0,0,0,0,0,0,0,0]} 1. e4 c5 2. Nf3 e6 3. d4 cxd4 4. Nxd4 Nc6 5. Nc3 Nf6 6. Ndb5 Bc5 7. Nd6+ {B45: Sicilian Four Knights.} Ke7 $1 8. Nxc8+ (8. Bf4 $14) 8... Rxc8 $11 9. Bd3 {Black has an edge.} Qc7 $132 {[%mdl 2048] Black is fighting back} 10. f4 ({Better is} 10. h3 $11) 10... d6 11. Qf3 {[#]} Nb4 $146 ({Predecessor:} 11... Rhd8 12. g4 h6 13. Bd2 Nd4 14. Qg2 b5 15. a3 Bb6 16. Rc1 a6 17. h3 Kf8 {0-1 (52) Sharma,D (2357)-Sriram,J (2394) Aurangabad 2018}) 12. Bd2 Nxd3+ 13. cxd3 Bd4 14. Nb5 Qb6 15. Nxd4 Qxd4 16. Bc3 Rxc3 17. bxc3 Qxc3+ {[%mdl 64] Double Attack} 18. Kf2 Qd2+ 19. Kg3 g5 (19... e5 $1 $11 20. Rhd1 Qxf4+ 21. Kf2 (21. Qxf4 Nh5+ 22. Kf3 Nxf4 $11) 21... Qh4+ 22. Kg1 Rc8) 20. h3 ({White should try} 20. Rhd1 $1 $16 {[%cal Rd1d2]} gxf4+ 21. Kh3) 20... Nh5+ 21. Kh2 {And now fxg5 would win.} Qxf4+ 22. Qxf4 Nxf4 {[%mdl 4096] Endgame KRR-KRN} 23. Rac1 Kd7 (23... Rd8 $1 $11) 24. Rhf1 $14 {[%mdl 1024] Black must now prevent g3. White has compensation.} Rf8 $1 25. Rc3 e5 26. Ra3 Rc8 (26... a6 $14) 27. Rf2 $1 $16 ({But not} 27. Rxa7 $6 Rc2 $14) 27... Ke8 28. g3 ({Don't take} 28. Rxa7 $6 Nxd3 29. Rd2 Nc5 $16) (28. Rb2 $1 $18) 28... Ne6 29. Rxa7 Nc5 30. Ra3 Ke7 31. Kg2 f6 32. Kf3 h5 33. Ke3 Rh8 34. Ra7 h4 35. g4 Rc8 36. a4 Ke6 37. Rb2 Kd7 38. a5 (38. Rb1 $16) 38... Kc6 $1 $14 39. Rc2 Rf8 40. Rb2 Re8 41. Kd2 Rf8 42. Rb4 Rc8 43. Rc4 Rd8 44. Rb4 d5 45. Ke2 dxe4 46. dxe4 Kc7 $2 {[#]} (46... Re8 $11) 47. a6 $1 $18 {[%cal Ra6b7]} Kb8 48. Rbxb7+ Nxb7 49. Rxb7+ {KR-KR} Ka8 {[#]} 50. Rb6 $1 Rd4 51. Ke3 (51. Rxf6 $16 Rxe4+ 52. Kd3) 51... Ra4 $11 {The position is equal.} 52. Rxf6 Ra3+ 53. Kf2 Ra2+ 54. Kf3 Ra3+ 55. Ke2 Rxh3 56. Rf5 Rg3 57. Rxg5 h3 58. Rh5 Rxg4 59. Kf3 Rf4+ 60. Ke3 Rf6 61. Rxh3 Rxa6 {( -> ...Ra3+)} 62. Rh5 Ra3+ 63. Kf2 Kb7 64. Rxe5 {Weighted Error Value: White=0.14/Black=0.16} 1/2-1/2

[Event "ChessHouse GM December 2020"]
[Site "Aarhus"]
[Date "2020.12.02"]
[Round "5.2"]
[White "Georgescu, Lena"]
[Black "Bjerre, Jonas Buhl"]
[Result "1/2-1/2"]
[WhiteElo "2278"]
[BlackElo "2551"]
[Annotator "ChessBase"]
[PlyCount "64"]
[EventDate "2020.11.29"]
[EventType "tourn"]
[EventCountry "DEN"]
[SourceTitle "playchess.com"]
[Source "ChessBase"]
[SourceQuality "1"]
[TimeControl "40/5400+30:1800+30"]

1. e4 {[%emt 0:00:00]} c5 {[%emt 0:00:00]} 2. Nf3 {[%emt 0:00:00]} d6 {[%emt 0:00:00]} 3. d4 {[%emt 0:00:00]} cxd4 {[%emt 0:00:00]} 4. Nxd4 {[%emt 0:00:00]} Nf6 {[%emt 0:00:00]} 5. Nc3 {[%emt 0:00:00]} a6 {[%emt 0:00:13]} 6. Be2 {[%emt 0:00:05]} e5 {[%emt 0:01:09]} 7. Nf3 {[%emt 0:00:12]} Be7 {[%emt 0:01:31]} 8. Bg5 {[%emt 0:00:16]} Nbd7 {[%emt 0:03:10]} 9. a4 {[%emt 0:00:17]} h6 {[%emt 0:02:59]} 10. Be3 {[%emt 0:00:08]} b6 {[%emt 0:04:32]} 11. Bc4 {[%emt 0:04:54]} Bb7 {[%emt 0:03:35]} 12. Nd2 {[%emt 0:01:00]} O-O {[%emt 0:03:47]} 13. O-O {[%emt 0:01:28]} Qc7 {[%emt 0:04:40]} 14. Qe2 {[%emt 0:01:02]} Nc5 {[%emt 0:02:57]} 15. Bxc5 {[%emt 0:02:04]} Qxc5 {[%emt 0:03:55]} 16. Rad1 {[%emt 0:16:13]} Rfc8 {[%emt 0:06:43]} 17. Bb3 {[%emt 0:04:36]} Bc6 {[%emt 0:17:29]} 18. Qc4 {[%emt 0:04:24]} Be8 {[%emt 0:06:46]} 19. Qxc5 {[%emt 0:03:38]} Rxc5 {[%emt 0:03:22]} 20. Nc4 {[%emt 0:05:31]} Rc6 {[%emt 0:08:43]} 21. Ne3 {[%emt 0:11:32]} Ra7 {[%emt 0:02:14]} 22. Ncd5 {[%emt 0:03:35]} Nxd5 {[%emt 0:02:28]} 23. Nxd5 {[%emt 0:01:00]} Kf8 {[%emt 0:01:09]} 24. g3 {[%emt 0:02:22]} Bd7 {[%emt 0:02:02]} 25. Kg2 {[%emt 0:02:48]} Be6 {[%emt 0:01:28]} 26. Rd3 {[%emt 0:04:08]} Ra8 {[%emt 0:03:32]} 27. Rfd1 {[%emt 0:01:47]} Ra7 {[%emt 0:00:43]} 28. h4 {[%emt 0:02:05]} h5 {[%emt 0:01:13]} 29. Nb4 {[%emt 0:11:53]} Rc8 {[%emt 0:01:40]} 30. Nd5 {[%emt 0:00:05]} Rc6 {[%emt 0:01:13]} 31. Nb4 {[%emt 0:00:09]} Rc8 {[%emt 0:00:42]} 32. Nd5 {[%emt 0:00:06]} Rc6 1/2-1/2

[Event "ChessHouse GM December 2020"]
[Site "Aarhus"]
[Date "2020.12.02"]
[Round "5.3"]
[White "Ramsdal, Jens Albert"]
[Black "Grigorian, Spartak"]
[Result "0-1"]
[WhiteElo "2292"]
[BlackElo "2433"]
[Annotator "TA"]
[PlyCount "168"]
[EventDate "2020.11.29"]
[EventType "tourn"]
[EventCountry "DEN"]
[SourceTitle "playchess.com"]
[Source "ChessBase"]
[SourceQuality "1"]

{[%evp 14,168,23,16,50,20,35,14,68,54,74,74,77,66,69,76,92,66,63,66,67,49,58,55,62,49,52,13,18,12,56,56,54,53,53,52,61,28,60,66,105,73,83,76,80,62,52,52,41,35,43,17,18,0,0,0,0,0,0,0,0,0,0,0,0,0,0,0,0,0,0,0,0,0,0,0,10,12,14,22,37,0,16,0,0,0,0,0,8,8,16,0,6,0,54,42,135,68,70,72,103,104,108,94,106,6,0,0,0,0,0,0,0,0,8,6,6,8,9,0,0,0,0,0,0,0,0,0,0,0,-8,-8,-8,-8,-8,-8,-8,-8343,-85,-603,-603,-603,-603,-603,-603,-603,-603,-603,-603,-595,-595,-29986,-29987,-29987,-29987,-29987,-29988]} 1. d4 {Krasenkow,M} d5 2. c4 e6 3. Nf3 Nf6 4. Bg5 h6 5. Bxf6 Qxf6 6. Nc3 Bb4 7. Qb3 c5 8. e3 Nc6 {D38: Queen's Gambit Declined: Ragozin Defence (4 Nf3 Bb4).} 9. cxd5 (9. dxc5 {keeps more tension.} dxc4 10. Bxc4 Qe7 11. O-O Bxc5 12. Rfd1) 9... exd5 10. Bb5 (10. Qxd5 Be6 $17) 10... O-O (10... a6 $11 11. Bxc6+ bxc6) 11. dxc5 $14 Bxc3+ 12. Qxc3 Qxc3+ 13. bxc3 Na5 14. Nd4 Be6 {[#]} 15. O-O $146 ({Predecessor:} 15. Nb3 Nc4 16. O-O-O Rac8 17. Rhe1 a6 18. Bxc4 dxc4 19. Na5 Rxc5 20. Nxb7 Rg5 21. g3 {½-½ (38) Kurnosov,I (2674)-Aleksandrov,A (2601) Rijeka 2010 CBM 136 [Krasenkow,M]}) 15... Rfd8 16. Nb3 Nc4 17. Rfd1 Rdc8 18. c6 bxc6 19. Bxc4 dxc4 20. Nd4 Bd7 21. Nf3 Bg4 22. Rd6 f6 23. Nd4 c5 24. Nc6 Rc7 25. Rb1 Kf8 26. f3 Bh5 27. Rbd1 Be8 28. Nd8 Rcc8 29. e4 Rab8 30. Ne6+ Kf7 31. Nf4 Rb6 32. R1d2 Rcb8 33. Kf2 Rxd6 34. Rxd6 $11 {[%mdl 4096] Endgame KRB-KRN} Rb2+ {[%mdl 64] Double Attack} 35. Kg3 Rxa2 36. Nd5 Rb2 37. Ra6 Rb7 38. Ra5 Bb5 39. f4 a6 40. f5 g6 41. fxg6+ Kxg6 42. Kf4 h5 43. g3 Rf7 44. Ra2 f5 45. exf5+ Rxf5+ {[%mdl 64] Double Attack} 46. Ke4 Rf1 47. Nf4+ {[%mdl 1024] White has compensation.} Kh6 48. Rd2 Rc1 49. Rd6+ Kh7 50. Nd5 a5 51. Kf5 Kg7 52. Rg6+ Kf7 53. Rf6+ Ke8 (53... Kg7 $11) 54. Ke6 {Black must now prevent Nc7+.} Kd8 (54... Ba4 $14) 55. Kd6 (55. Rf8+ $1 $16 Be8 56. Nf6 Re1+ 57. Kd5) 55... a4 56. Kxc5 a3 {Hoping for ...a2.} 57. Rf2 $1 ({Of course not} 57. Kxb5 $6 a2 $11) 57... Rb1 58. Ra2 Rb3 59. Nb4 (59. h4 $16) 59... Bd7 60. Kd4 Be6 61. h4 {Cut Off at move 61} Kd7 62. Re2 Rb2 63. Re5 Rd2+ 64. Ke3 Rg2 65. Kf3 Rb2 66. Ra5 Rb3 67. Na2 $1 Kc7 68. Ke4 Kb6 69. Rxh5 Rb2 70. Rh6 Rxa2 71. Rxe6+ {KR-KR} Kb5 {( -> ...Re2+)} 72. Re5+ Ka4 73. Kd4 $1 {[%cal Rd4c4]} Rg2 74. Kxc4 {And now Re7 would win.} Rxg3 {aiming for ...a2.} 75. h5 $2 {[%mdl 8192]} (75. Re8 $11 Rg4+ {[%mdl 64] Double Attack} 76. Kd3) 75... Rg4+ $2 (75... a2 $19 76. Re1 Rh3) 76. Kd3 $2 {[%mdl 8192] [#]} (76. Kd5 $17) 76... a2 $1 $19 {[%cal Ra2a1]} 77. Re1 {[#]} Kb3 $1 78. Rh1 {If White can now play Ra1 this consolidates a bit.} Rg3+ 79. Kd4 {[#] White hopes to continue with Ra1.} Rh3 $1 {[%mdl 576] Deflection, Promotion} 80. Rxh3 {White threatens Rh1 and mate.} a1=Q 81. h6 Qg1+ 82. Ke5 Qg5+ {Black mates.} 83. Kd6 Qf6+ 84. Kc7 Qe7+ {Weighted Error Value: White=0.12/Black=0.11} 0-1

[Event "ChessHouse GM December 2020"]
[Site "Aarhus"]
[Date "2020.12.02"]
[Round "5.4"]
[White "Nilssen, Ellen Fredericia"]
[Black "Danielsen, Henrik"]
[Result "1/2-1/2"]
[WhiteElo "2174"]
[BlackElo "2517"]
[Annotator "ChessBase"]
[PlyCount "104"]
[EventDate "2020.11.29"]
[EventType "tourn"]
[EventCountry "DEN"]
[SourceTitle "playchess.com"]
[Source "ChessBase"]
[SourceQuality "1"]
[TimeControl "40/5400+30:1800+30"]

1. d4 {[%emt 0:00:00]} d6 {[%emt 0:00:00]} 2. Nf3 {[%emt 0:00:00]} Nf6 {[%emt 0:01:33]} 3. g3 {[%emt 0:00:00]} g6 {[%emt 0:01:13]} 4. Bg2 {[%emt 0:00:05]} Bg7 {[%emt 0:00:11]} 5. O-O {[%emt 0:00:08]} O-O {[%emt 0:00:10]} 6. c4 {[%emt 0:00:06]} Nbd7 {[%emt 0:06:35]} 7. Nc3 {[%emt 0:00:08]} e5 {[%emt 0:00:10]} 8. e4 {[%emt 0:00:19]} c6 {[%emt 0:00:20]} 9. Be3 {[%emt 0:01:01]} Re8 {[%emt 0:05:02]} 10. h3 {[%emt 0:00:06]} Qe7 {[%emt 0:03:38]} 11. d5 {[%emt 0:06:01]} c5 {[%emt 0:01:54]} 12. Qc2 {[%emt 0:08:22]} Rf8 {[%emt 0:00:31]} 13. Rae1 {[%emt 0:07:12]} a6 {[%emt 0:03:29]} 14. a4 {[%emt 0:07:04]} Nh5 {[%emt 0:03:40]} 15. Bg5 {[%emt 0:07:26]} Qe8 {[%emt 0:02:40]} 16. Nh2 {[%emt 0:05:11]} Kh8 {[%emt 0:04:06]} 17. Ne2 {[%emt 0:13:10]} Rb8 {[%emt 0:02:43]} 18. g4 {[%emt 0:01:14]} Nhf6 {[%emt 0:00:19]} 19. Nc3 {[%emt 0:05:45]} b6 {[%emt 0:05:48]} 20. Re2 {[%emt 0:01:28]} Ng8 {[%emt 0:02:57]} 21. Qc1 {[%emt 0:02:05]} Rb7 {[%emt 0:02:09]} 22. Kh1 {[%emt 0:02:03]} Nb8 {[%emt 0:07:14]} 23. f4 {[%emt 0:06:10]} f6 {[%emt 0:02:23]} 24. Bh4 {[%emt 0:00:08]} exf4 {[%emt 0:00:34]} 25. g5 {[%emt 0:01:23]} Nd7 {[%emt 0:05:30]} 26. gxf6 {[%emt 0:04:10]} Ngxf6 {[%emt 0:00:27]} 27. e5 {[%emt 0:03:23]} Nxe5 {[%emt 0:00:54]} 28. Nf3 {[%emt 0:01:48]} Nh5 {[%emt 0:01:37]} 29. Ne4 {[%emt 0:01:05]} Qd7 {[%emt 0:07:33]} 30. Nfg5 {[%emt 0:00:41]} f3 {[%emt 0:00:53]} 31. Bxf3 {[%emt 0:04:46]} Nxf3 {[%emt 0:01:44]} 32. Ref2 {[%emt 0:00:19]} Qe7 {[%emt 0:15:38]} 33. Rxf3 {[%emt 0:00:22]} Rxf3 {[%emt 0:00:18]} 34. Rxf3 {[%emt 0:00:10]} Bf5 {[%emt 0:00:10]} 35. Qe1 {[%emt 0:01:34]} Be5 {[%emt 0:07:08]} 36. Ne6 {[%emt 0:01:27]} Qe8 {[%emt 0:00:15]} 37. Nd8 {[%emt 0:04:59]} Bd4 {[%emt 0:01:50]} 38. Nxd6 {[%emt 0:01:32]} Qxe1+ {[%emt 0:03:10]} 39. Bxe1 {[%emt 0:05:12]} Rd7 {[%emt 0:01:10]} 40. Nxf5 {[%emt 0:01:23]} gxf5 {[%emt 0:00:15]} 41. Ne6 {[%emt 0:01:40]} Bxb2 {[%emt 0:01:09]} 42. Rxf5 {[%emt 0:02:26]} Nf6 {[%emt 0:00:07]} 43. Bh4 {[%emt 0:01:16]} Ng8 {[%emt 0:00:32]} 44. Rf2 {[%emt 0:04:14]} Be5 {[%emt 0:02:14]} 45. Re2 {[%emt 0:01:14]} Bc3 {[%emt 0:00:35]} 46. Re3 {[%emt 0:00:54]} Bf6 {[%emt 0:01:55]} 47. Bxf6+ {[%emt 0:01:20]} Nxf6 {[%emt 0:00:01]} 48. Rf3 {[%emt 0:00:10]} Rf7 {[%emt 0:00:47]} 49. Nd8 {[%emt 0:03:05]} Rf8 {[%emt 0:00:13]} 50. Ne6 {[%emt 0:00:04]} Rf7 {[%emt 0:00:02]} 51. Nd8 {[%emt 0:00:16]} Rf8 {[%emt 0:00:01]} 52. Ne6 {[%emt 0:00:09]} Rf7 1/2-1/2

[Event "ChessHouse GM December 2020"]
[Site "Aarhus"]
[Date "2020.12.02"]
[Round "5.5"]
[White "Olsen, Filip Boe"]
[Black "Heimisson, Hilmir Freyr"]
[Result "1-0"]
[WhiteElo "2354"]
[BlackElo "2318"]
[Annotator "NA"]
[PlyCount "55"]
[EventDate "2020.11.29"]
[EventType "tourn"]
[EventCountry "DEN"]
[SourceTitle "playchess.com"]
[Source "ChessBase"]
[SourceQuality "1"]
[TimeControl "40/5400+30:1800+30"]

1. d4 {[%emt 0:00:00]} e6 {[%emt 0:00:51]} 2. c4 {[%emt 0:00:00]} b6 {[%emt 0:00:05]} 3. e4 {[%emt 0:00:05]} Bb4+ {[%emt 0:00:09]} 4. Bd2 {[%emt 0:00:19]} Bxd2+ {[%emt 0:00:05]} 5. Qxd2 {[%emt 0:00:16]} d5 {[%emt 0:00:05]} 6. Bd3 {[%emt 0:00:35]} Bb7 {[%emt 0:06:40]} 7. cxd5 {[%emt 0:04:26]} exd5 {[%emt 0:00:10]} 8. e5 {[%emt 0:02:22]} c5 {[%emt 0:03:11]} 9. Nf3 {[%emt 0:03:34]} Ne7 {[%emt 0:03:05]} 10. O-O {[%emt 0:07:51]} Nbc6 {[%emt 0:15:43]} 11. Nc3 $14 {[%emt 0:09:45]} O-O {[%emt 0:08:28]} 12. Ne2 {[%emt 0:09:57]} c4 {[%emt 0:08:16]} 13. Bc2 {[%emt 0:01:28]} f6 {[%emt 0:00:06]} 14. Nf4 {[%emt 0:05:12]} Bc8 {[%emt 0:08:55]} 15. Rfe1 {[%emt 0:04:07]} Bg4 {[%emt 0:08:28]} 16. exf6 {[%emt 0:06:16]} Rxf6 {[%emt 0:00:06]} 17. Ne5 {[%emt 0:00:26]} Bf5 {[%emt 0:00:43]} 18. Ba4 {[%emt 0:15:02]} Na5 {[%emt 0:15:06]} 19. g4 {[%emt 0:07:38]} Bg6 {[%emt 0:06:00]} 20. Nexg6 {[%emt 0:05:01]} hxg6 {[%emt 0:03:44]} 21. Rxe7 {[%emt 0:00:53]} Qxe7 {[%emt 0:00:46]} 22. Nxd5 {[%emt 0:00:02]} Qd6 {[%emt 0:01:33]} 23. Nxf6+ {[%emt 0:00:09]} Qxf6 {[%emt 0:00:03]} 24. Qe3 {[%emt 0:05:41]} Rd8 {[%emt 0:00:59]} 25. Rd1 {[%emt 0:00:01]} Nb7 {[%emt 0:03:14]} 26. Bd7 {[%emt 0:01:56]} Kh7 {[%emt 0:01:19]} 27. g5 {[%emt 0:01:07]} Qd6 {[%emt 0:01:17]} 28. Be6 {[%emt 0:00:11]} 1-0

[Event "ChessHouse GM December 2020"]
[Site "Aarhus"]
[Date "2020.12.03"]
[Round "6.1"]
[White "Thybo, Jesper Sondergaard"]
[Black "Olsen, Filip Boe"]
[Result "1/2-1/2"]
[WhiteElo "2565"]
[BlackElo "2354"]
[Annotator "ChessBase"]
[PlyCount "157"]
[EventDate "2020.11.29"]
[EventType "tourn"]
[EventCountry "DEN"]
[SourceTitle "playchess.com"]
[Source "ChessBase"]
[SourceQuality "1"]
[TimeControl "40/5400+30:1800+30"]

1. Nf3 {[%emt 0:00:00]} d5 {[%emt 0:00:00]} 2. g3 {[%emt 0:00:00]} Nf6 {[%emt 0:00:00]} 3. Bg2 {[%emt 0:00:00]} c6 {[%emt 0:00:10]} 4. O-O {[%emt 0:01:17]} Bf5 {[%emt 0:00:55]} 5. c4 {[%emt 0:01:23]} e6 {[%emt 0:00:16]} 6. cxd5 {[%emt 0:01:07]} cxd5 {[%emt 0:00:58]} 7. Qb3 {[%emt 0:02:22]} Qb6 {[%emt 0:00:52]} 8. Qxb6 {[%emt 0:01:17]} axb6 {[%emt 0:00:31]} 9. Nc3 {[%emt 0:00:12]} Nc6 {[%emt 0:00:33]} 10. d3 {[%emt 0:01:38]} Be7 {[%emt 0:02:36]} 11. Nb5 {[%emt 0:02:25]} O-O {[%emt 0:02:15]} 12. Be3 {[%emt 0:06:56]} Nd7 {[%emt 0:05:50]} 13. Nfd4 {[%emt 0:02:18]} Bg6 {[%emt 0:02:22]} 14. f4 {[%emt 0:00:12]} Bc5 {[%emt 0:08:11]} 15. a3 {[%emt 0:08:10]} Nxd4 {[%emt 0:32:32]} 16. Nxd4 {[%emt 0:10:30]} Bh5 {[%emt 0:14:23]} 17. Rae1 Rfc8 18. h3 {[%emt 0:06:31]} Ra4 {[%emt 0:05:16]} 19. Nc2 {[%emt 0:15:03]} Be7 {[%emt 0:00:18]} 20. Na1 {[%emt 0:01:27]} f5 {[%emt 0:00:28]} 21. Rc1 {[%emt 0:12:44]} Rc6 {[%emt 0:01:45]} 22. Kf2 {[%emt 0:00:54]} Bf6 {[%emt 0:00:38]} 23. Rc2 {[%emt 0:04:55]} Ra8 {[%emt 0:08:12]} 24. Rb1 {[%emt 0:03:41]} Rac8 {[%emt 0:01:33]} 25. Rxc6 {[%emt 0:00:06]} bxc6 {[%emt 0:00:14]} 26. b4 {[%emt 0:00:21]} Kf8 {[%emt 0:03:14]} 27. Nc2 {[%emt 0:01:13]} c5 {[%emt 0:01:49]} 28. bxc5 {[%emt 0:01:08]} bxc5 {[%emt 0:01:35]} 29. Rb7 {[%emt 0:00:03]} Ke8 {[%emt 0:01:36]} 30. Ke1 {[%emt 0:07:54]} c4 {[%emt 0:01:28]} 31. Nd4 {[%emt 0:05:09]} cxd3 {[%emt 0:01:07]} 32. exd3 {[%emt 0:00:06]} Nc5 {[%emt 0:00:47]} 33. Rb6 {[%emt 0:00:05]} Nxd3+ {[%emt 0:01:58]} 34. Kd2 {[%emt 0:00:14]} Nc5 {[%emt 0:00:14]} 35. Nb5 {[%emt 0:02:53]} Kd7 {[%emt 0:01:23]} 36. Rd6+ {[%emt 0:01:42]} Ke7 {[%emt 0:00:09]} 37. Rb6 {[%emt 0:00:04]} Kd7 {[%emt 0:00:23]} 38. Rd6+ {[%emt 0:00:04]} Ke7 {[%emt 0:00:07]} 39. Rb6 {[%emt 0:00:10]} Nb3+ {[%emt 0:00:51]} 40. Kd3 {[%emt 0:00:20]} Be8 {[%emt 0:01:40]} 41. Rb7+ {[%emt 0:20:57]} Bd7 {[%emt 0:02:08]} 42. Nc7 {[%emt 0:00:16]} Na5 {[%emt 0:06:25]} 43. Bc5+ {[%emt 0:01:28]} Kf7 {[%emt 0:02:04]} 44. Ra7 {[%emt 0:00:17]} Nc6 {[%emt 0:01:58]} 45. Rb7 {[%emt 0:00:09]} Nd8 {[%emt 0:04:55]} 46. Ra7 {[%emt 0:00:24]} Kg6 {[%emt 0:00:43]} 47. Bd6 {[%emt 0:03:23]} Nc6 {[%emt 0:03:01]} 48. Ra8 {[%emt 0:03:08]} Rxa8 {[%emt 0:00:42]} 49. Nxa8 {[%emt 0:00:01]} Na5 {[%emt 0:01:27]} 50. Nb6 {[%emt 0:00:33]} Bb5+ {[%emt 0:00:07]} 51. Kc2 {[%emt 0:03:33]} Bd4 {[%emt 0:03:33]} 52. Bc7 {[%emt 0:00:04]} Bf2 {[%emt 0:01:05]} 53. g4 {[%emt 0:01:41]} d4 {[%emt 0:01:47]} 54. a4 {[%emt 0:00:31]} Be2 {[%emt 0:00:32]} 55. Nd7 {[%emt 0:01:53]} d3+ {[%emt 0:01:05]} 56. Kc3 {[%emt 0:00:44]} Be1+ {[%emt 0:00:32]} 57. Kd4 {[%emt 0:00:04]} Nb3+ {[%emt 0:01:31]} 58. Ke3 {[%emt 0:00:15]} Bd2+ {[%emt 0:00:58]} 59. Kf2 {[%emt 0:00:01]} h5 {[%emt 0:00:30]} 60. Ne5+ {[%emt 0:02:34]} Kh7 {[%emt 0:00:01]} 61. gxf5 {[%emt 0:00:27]} exf5 {[%emt 0:01:07]} 62. Bf3 {[%emt 0:00:42]} Bxf4 {[%emt 0:01:46]} 63. Bxe2 {[%emt 0:00:13]} dxe2 {[%emt 0:00:06]} 64. Kxe2 {[%emt 0:00:01]} g5 {[%emt 0:00:28]} 65. Kf3 {[%emt 0:01:10]} Nd4+ {[%emt 0:01:18]} 66. Kg2 {[%emt 0:00:03]} Nb3 {[%emt 0:01:14]} 67. Kf3 {[%emt 0:00:43]} h4 {[%emt 0:01:19]} 68. Bb8 {[%emt 0:01:09]} Nd4+ {[%emt 0:00:36]} 69. Kg2 {[%emt 0:00:06]} Bd2 {[%emt 0:01:07]} 70. Nc4 {[%emt 0:00:18]} Bb4 {[%emt 0:00:10]} 71. a5 {[%emt 0:00:11]} Nc6 {[%emt 0:00:45]} 72. a6 {[%emt 0:00:06]} Bc5 {[%emt 0:00:08]} 73. Bd6 {[%emt 0:01:44]} Ba7 {[%emt 0:00:18]} 74. Ne5 {[%emt 0:00:21]} Nxe5 {[%emt 0:00:12]} 75. Bxe5 {[%emt 0:00:05]} Kg6 {[%emt 0:00:23]} 76. Bh2 {[%emt 0:00:04]} g4 {[%emt 0:00:07]} 77. Bg1 {[%emt 0:00:12]} Bb8 {[%emt 0:00:06]} 78. a7 {[%emt 0:00:25]} Bxa7 {[%emt 0:00:07]} 79. Bxa7 {[%emt 0:00:03]} 1/2-1/2

[Event "ChessHouse GM December 2020"]
[Site "Aarhus"]
[Date "2020.12.03"]
[Round "6.2"]
[White "Bjerre, Jonas Buhl"]
[Black "Haubro, Martin"]
[Result "1-0"]
[WhiteElo "2551"]
[BlackElo "2434"]
[Annotator "ChessBase"]
[PlyCount "81"]
[EventDate "2020.11.29"]
[EventType "tourn"]
[EventCountry "DEN"]
[SourceTitle "playchess.com"]
[Source "ChessBase"]
[SourceQuality "1"]
[TimeControl "40/5400+30:1800+30"]

1. d4 {[%emt 0:00:00]} Nf6 {[%emt 0:00:00]} 2. c4 {[%emt 0:00:00]} e6 {[%emt 0:00:00]} 3. Nf3 {[%emt 0:00:00]} d5 {[%emt 0:00:00]} 4. g3 {[%emt 0:00:00]} Bb4+ {[%emt 0:00:00]} 5. Bd2 {[%emt 0:00:00]} Be7 {[%emt 0:00:00]} 6. Bg2 {[%emt 0:00:07]} O-O {[%emt 0:00:00]} 7. O-O {[%emt 0:00:29]} Nbd7 {[%emt 0:00:06]} 8. Bc3 {[%emt 0:00:55]} c6 {[%emt 0:11:08]} 9. Nbd2 {[%emt 0:00:47]} b6 {[%emt 0:03:12]} 10. b4 {[%emt 0:00:57]} Bb7 {[%emt 0:20:05]} 11. Qb3 {[%emt 0:00:55]} b5 {[%emt 0:04:23]} 12. c5 {[%emt 0:03:13]} Qb8 {[%emt 0:18:55]} 13. Ne5 {[%emt 0:08:56]} Nxe5 {[%emt 0:09:17]} 14. dxe5 {[%emt 0:00:28]} Nd7 {[%emt 0:00:03]} 15. Qb2 {[%emt 0:06:00]} a5 {[%emt 0:00:36]} 16. a3 {[%emt 0:01:47]} Qc7 {[%emt 0:10:36]} 17. Nb3 {[%emt 0:13:09]} a4 {[%emt 0:01:06]} 18. Nd4 {[%emt 0:03:57]} Rfe8 {[%emt 0:06:13]} 19. f4 {[%emt 0:02:53]} Bf8 {[%emt 0:00:03]} 20. Kh1 {[%emt 0:06:55]} g6 {[%emt 0:00:09]} 21. e4 {[%emt 0:04:25]} Bg7 {[%emt 0:01:20]} 22. Rae1 {[%emt 0:05:26]} Nf8 {[%emt 0:00:05]} 23. Bh3 {[%emt 0:06:13]} Rad8 {[%emt 0:01:27]} 24. exd5 {[%emt 0:03:58]} exd5 {[%emt 0:00:06]} 25. Qf2 {[%emt 0:06:22]} Ne6 {[%emt 0:02:35]} 26. Nxe6 {[%emt 0:04:42]} fxe6 {[%emt 0:00:05]} 27. Bd4 {[%emt 0:00:50]} Bc8 {[%emt 0:00:05]} 28. g4 {[%emt 0:00:49]} Rf8 {[%emt 0:00:16]} 29. Qg1 {[%emt 0:02:20]} Qe7 {[%emt 0:02:01]} 30. Re3 {[%emt 0:01:30]} Rf7 {[%emt 0:01:02]} 31. f5 {[%emt 0:02:55]} Bh6 {[%emt 0:08:59]} 32. f6 {[%emt 0:05:05]} Qb7 {[%emt 0:00:04]} 33. g5 {[%emt 0:00:27]} Bf8 {[%emt 0:00:05]} 34. Bg4 {[%emt 0:00:13]} Kh8 {[%emt 0:01:34]} 35. h4 {[%emt 0:02:00]} h5 {[%emt 0:01:08]} 36. Bxh5 {[%emt 0:01:57]} Rh7 {[%emt 0:00:04]} 37. Bxg6 {[%emt 0:01:11]} Rxh4+ {[%emt 0:00:05]} 38. Kg2 {[%emt 0:00:19]} Bh6 {[%emt 0:00:20]} 39. Rg3 {[%emt 0:02:15]} Bxg5 {[%emt 0:00:30]} 40. Rxg5 {[%emt 0:00:47]} Rg8 {[%emt 0:00:05]} 41. f7 {[%emt 0:31:04]} 1-0